00407nam a22001457a 450000500170000000800410001702000190005804100130007708200140009010000130010424500320011726000550014930000310020465000260023520231128083627.0231128b |||||||| |||| 00| 0 eng d a9787119111636  aEnglish  a340.1 JIN lEnglish  aThe Governance of China II  aBeijing : bForeign Languages Press Co. Ltd,c2017 bvii, 619 pages ; c24 cm.  aLegal practice bLaw